日本の水族館 紹介文クイズ - Statistics

General Stats
  • This quiz has been taken 144 times
  • The average score is 4 of 9
Answer Stats
紹介文 Answer % Correct
・水族館としての集客数は日本一を誇る。 ・ジンベエザメやマンタなどの大型魚類を展示する巨大水槽(黒潮の海)が有名。 美ら海水族館(沖縄県)
87%
・単一の建物からなる水族館としては日本最大の床面積を誇る。 ・大阪湾に面しており、赤や青を用いた独特の造形による建物で知られる。 ・アクリルガラスを用いた巨大水槽(「太平洋」)による展示を先駆けて取り入れており、水槽展示の手本を形成したと言われる。 海遊館(大阪府)
86%
・東京湾内の人工島を占めており、都心からのアクセスに優れている。 ・レッサーパンダやインコなどの陸生生物も展示しており、動物園としての側面も有している。 ・ジェットコースターをはじめとするアトラクションも営業しており、総合施設として有名。 八景島シーパラダイス(神奈川県)
60%
・展示している生物種は1200程度であり、日本有数の多さである。 ・希少生物の展示に注力しており、日本で唯一ジュゴンやラッコを展示している施設でもある。 鳥羽水族館(三重県)
59%
・日本海に面しており、山が海岸に迫る険しい地形に建つ。 ・「クラゲドリーム館」の異名からもわかるようにクラゲの展示数が非常に多く、ギネス世界記録にも登録されたことがある。 加茂水族館(山形県)
53%
・水族館が面する湾は「ミナミハンドウイルカ」が生息する北限地として知られており、同館ではイルカショーも開催されている。 ・2024年に発生した震災では震源地に近く、水槽の破損などその動向が注視されていた。 のとじま水族館(石川県)
33%
・太平洋に臨む砂浜沿いで営業している。 ・トドをモチーフにしながらも異様な外見をしたキャラクター「おとどちゃん」や飼育員の本音を発信するSNS戦略を中心に、ネットでの人気を集めている。 桂浜水族館(高知県)
26%
・仕切りを設けただけで海と直結するプールで海獣を飼育するなど、ダイナミックな展示が売り。 ・同館で開催されるペンギンショーは調教が全くされておらず、「言うことを聞かないペンギンショー」として話題にもなった。 おたる水族館(北海道)
23%
・県内唯一の水族館として知られる。 ・立地の特性から、淡水魚の展示が非常に多くなっている。 ・近隣の「宝蔵寺沼」には絶滅危惧種である「ムジナモ」が生息しており、これをモチーフにしたゆるキャラも存在している。 さいたま水族館(埼玉県)
14%
No matching quizzes found
Score Distribution
Percent of People with Each Score
Percentile by Number Answered
Your Score History
You have not taken this quiz